000 00299nam a2200121Ia 4500
008 240731s9999 xx 000 0 und d
022 _a2045-0893
245 0 _aMelanoma Management
260 _bTaylor & Francis
856 _uhttps://www.tandfonline.com/loi/immt20
942 _2ddc
942 _cTFEJ
999 _c78547
_d78547
945 _a1
_bMadushi Gamage
_c1
_dMadushi Gamage